2022 NFL Draft 1st Round - Statistics

General Stats
  • This quiz has been taken 4,646 times
  • The average score is 21 of 32
Answer Stats
Hint Answer % Correct
CB Ahmad Gardner
95%
DE Aidan Hutchinson
95%
LB Quay Walker
92%
DE Trevon Walker
92%
WR Garrett Wilson
91%
WR Chris Olave
90%
WR Drake London
89%
CB Derek Stingley Jr.
87%
QB Kenny Pickett
87%
WR Jameson Williams
86%
S Kyle Hamilton
79%
WR Jahan Dotson
72%
WR Treylon Burks
72%
DE Kayvon Thibodeaux
69%
OT Evan Neal
68%
DT Jordan Davis
68%
OT Charles Cross
60%
CB Trent McDuffie
60%
DE Jermaine Johnson II
57%
OG Zion Johnson
57%
C Tyler Linderbaum
56%
OT Tyler Smith
53%
OT Ikem Ekwonu
50%
DE George Karlaftis
49%
OG Cole Strange
46%
CB Kaiir Elam
46%
S Lewis Cine
40%
OG Kenyon Green
39%
S Daxton Hill
38%
OT Trevor Penning
38%
LB Devin Lloyd
37%
DT Devonte Wyatt
30%
No matching quizzes found
Score Distribution
Percent of People with Each Score
Percentile by Number Answered
Your Score History
You have not taken this quiz